000 01028cam a2200301 a 4500
001 14845
003 BD-RjUL
005 20211208235712.0
008 140208r20121999ii b b 001 0 eng d
020 _a019565840X
020 _a9780195658408
035 _a(OCoLC)ocm52504146
035 _a(NNC)4331085
_a(BD-RjUL)14899
040 _aEQO
_cEQO
_dNNC
_dBD-RjUL
_beng
041 _aeng
082 _a320.954162
_bBAI 2012
100 1 _aBaruah, Sanjib.
_946211
245 1 0 _aIndia against itself :
_bAssam and the politics of nationality /
_cSanjib Baruah.
260 _aNew Delhi :
_bOxford University Press,
_cc1999 [Reprint 2012].
300 _axxiii, 257 p. :
_bmaps ;
_c22 cm.
490 1 _aOxford India paperbacks
504 _aIncludes bibliographical references and index.
651 0 _aAssam (India)
_xPolitics and government.
_918662
651 0 _aAssam (India)
_xEthnic relations.
_946212
651 0 _aIndia
_xPolitics and government
_y1977-
_918087
830 0 _aOxford India paperbacks.
_946286
942 _2ddc
_cBK
999 _c14845
_d14845